000 00451nam a2200169Ia 4500
008 221030s9999 xx 000 0 und d
020 _a8121908175
041 _aEnglish
082 _a105.23
_bAva
100 _aM. N. Avadhanulu
245 2 _aA Text Book of Engineering Physics
_cby M. N. Avadhanulu, P. G. Kshirsagar
260 _bS.Chand & Co.
_aNew Delhi
_c2001
300 _a857
650 _aPhysics
700 _aP. G. Kshirsagar
942 _cBK
999 _c2982
_d2982